[Event "VM 2016 Schachforum Darmstadt"]
[Site "Schachforum Darmstadt"]
[Date "2016.03.31"]
[Round "2.9"]
[White "Henkelmann, Frank"]
[Black "Tampe, Alexander"]
[Result "0-1"]
[WhiteElo "1198"]
[BlackElo "1681"]
[PlyCount "70"]
[EventDate "2016.??.??"]
[WhiteTeam "SC Münster"]
[BlackTeam "Schachforum Darmstadt"]

1. c4 e5 2. Nc3 Nf6 3. Nf3 Nc6 4. g3 Bc5 5. Nd5 d6 6. a3 a5 7. e3 Bg4 8. Be2 e4
9. Nh4 Bxe2 10. Qxe2 Ne5 11. f4 Nd3+ 12. Kf1 Nxd5 13. cxd5 c6 14. Qg4 Qf6 15.
dxc6 bxc6 16. Rb1 Nxc1 17. Rxc1 Qxb2 18. Ke2 O-O 19. f5 Bxa3 20. Rhf1 Qb5+ 21.
Ke1 Bxc1 22. f6 Bxd2+ (22... g6 23. Qf4 Qd3 24. Rf2 Rab8 25. Qh6 Bxd2+ 26. Rxd2
Rb1+) 23. Kxd2 Qb2+ 24. Ke1 Qa1+ 25. Ke2 Qb2+ 26. Ke1 g6 27. Nf5 Kh8 (27...
Rab8 28. Qd1 Qc3+ 29. Kf2 Rb2+ 30. Kg1 gxf5) 28. Qg5 Rg8 29. Ne7 a4 30. Qh6 a3
31. Nxg8 Rxg8 32. Rf2 Qb1+ 33. Ke2 a2 34. Rf4 Qc2+ 35. Kf1 a1=R# 0-1

[Event "VM 2016 Schachforum Darmstadt"]
[Site "Schachforum Darmstadt"]
[Date "2016.03.31"]
[Round "2.8"]
[White "Torrijos, Javier"]
[Black "Brockmann, Marcus"]
[Result "1-0"]
[WhiteElo "1552"]
[BlackElo "1408"]
[PlyCount "71"]
[EventDate "2016.??.??"]
[WhiteTeam "Schachforum Darmstadt"]
[BlackTeam "Schachforum Darmstadt"]

1. d4 Nf6 2. c4 c5 3. e3 e6 4. Nf3 Nc6 5. Be2 d5 6. O-O Bd6 7. Nc3 O-O 8. Re1
Re8 9. a3 Qe7 10. cxd5 exd5 11. dxc5 Bxc5 12. b4 Bd6 13. Nxd5 Nxd5 14. Qxd5 Rd8
15. Qb3 (15. Qg5) 15... Be6 16. Bc4 Bg4 17. Bb2 (17. Be2 Bxf3 18. Bxf3 Nd4 19.
Qd1 Nxf3+ 20. Qxf3 Bxh2+ 21. Kxh2 Qe5+) 17... Bxf3 18. gxf3 Qg5+ 19. Kf1 Bxh2 (
19... Qh5) 20. Bxf7+ Kf8 21. Ke2 (21. Red1) 21... Ne5 22. Bg8 (22. Bxe5 Bxe5
23. Bg8 Qf6 24. Rac1) 22... Rd3 $1 23. Qa2 Rxe3+ (23... Rad8 $1 24. Bd4 Qf5 25.
Bc5+ Ke8 26. Qe6+ Qxe6 27. Bxe6 Rd2+ 28. Kf1 Nxf3 $15) 24. fxe3 Qg2+ 25. Kd1
Rd8+ 26. Bd4 Qxf3+ 27. Re2 $2 (27. Kc2) 27... Qf1+ 28. Kd2 $4 (28. Re1 $11 Qd3+
29. Qd2 Qxd2+ 30. Kxd2 Kxg8 $14) 28... Nf3+ $2 (28... Rxd4+ $3 29. exd4 Bf4+
30. Kc3 Qf3+ 31. Kb2 Qxe2+ 32. Kb3 Qd3+ 33. Ka4 b5+ 34. Ka5 $19) 29. Kc3 Rc8+
30. Bc5+ Rxc5+ 31. bxc5 Be5+ 32. Kd3 Ne1+ 33. Raxe1 Qf5+ 34. e4 Qd7+ 35. Bd5
Qb5+ 36. Qc4 1-0

[Event "VM 2016 Schachforum Darmstadt"]
[Site "Schachforum Darmstadt"]
[Date "2016.03.31"]
[Round "2.7"]
[White "Welters, Burkhard"]
[Black "Fuchs, Andreas"]
[Result "1/2-1/2"]
[WhiteElo "1440"]
[BlackElo "1664"]
[PlyCount "92"]
[EventDate "2016.??.??"]
[WhiteTeam "Schachforum Darmstadt"]
[BlackTeam "SC Ober-Ramstadt"]

1. e4 c5 2. c3 e6 3. d4 d5 4. e5 Nc6 5. Nf3 Nh6 6. Bxh6 gxh6 7. Qb3 Bg7 8. Be2
O-O 9. O-O f6 10. exf6 Bxf6 11. Rd1 cxd4 12. cxd4 Qd6 13. Qe3 Bg7 14. Nc3 Bd7
15. Nb5 Qf4 16. g3 Qxe3 17. fxe3 Ne7 18. Rac1 Bxb5 19. Bxb5 Rxf3 20. Rc7 Kf7
21. Be2 Rxe3 22. Bh5+ Kf6 23. Rf1+ Kg5 24. Rxe7 Bxd4 25. Kg2 Kxh5 26. Rf4 Kg6
27. Rxd4 Rc8 28. Kf2 Re5 29. Rd2 Rf8+ 30. Kg2 Rf7 31. Re8 Re1 32. Rxd5 exd5 (
32... Re2+ 33. Kh3 Rff2) 33. Rxe1 Rc7 34. Re2 Kf5 35. Kf1 Kg4 36. Ke1 Kf3 37.
Kd2 Rd7 (37... Rc2+ 38. Kxc2 Kxe2 $19) 38. Kd3 d4 39. Re4 Kf2 40. g4 (40. Re6
h5 41. Rh6 Rd5 42. Rxh7 Kg2 43. Rxb7 Kxh2 44. Rg7 $11) 40... Kg2 41. h4 Kg3 {
Bei diesem Zug überschritt Schwarz die Zeitkontrolle. Nach Rekonstruktion der
letzten Züge war klar, dass 40 Züge innerhalb von 1:30 Std geschafft waren.}
42. h5 Kf3 43. a4 Kg3 44. b4 Rg7 (44... b6 45. a5 bxa5 46. bxa5 Kf3 47. a6 Rd6
48. Rxd4 Rxd4+ 49. Kxd4 $11 Kxg4 50. Kd5 Kf4 51. Kc5 Ke4 52. Kc6 Ke5 53. Kc7
Ke6 54. Kb7 Kd6 55. Kxa7 Kc7 56. Ka8 Kc8 57. a7 Kc7 $11) 45. b5 Rxg4 $2 46. Re7
Rh4 {mit gleichzeitigem Remisangebot, dass Weiß in Anbetracht seiner geringen
Restbedenkzeit annahm.} 1/2-1/2

[Event "VM 2016 Schachforum Darmstadt"]
[Site "Schachforum Darmstadt"]
[Date "2016.03.31"]
[Round "2.6"]
[White "Del Pino, Ricardo"]
[Black "Heun, Andreas"]
[Result "0-1"]
[WhiteElo "1556"]
[BlackElo "1727"]
[PlyCount "66"]
[EventDate "2016.??.??"]
[WhiteTeam "Schachforum Darmstadt"]
[BlackTeam "SC Ladja Roßdorf"]

1. d4 Nf6 2. c4 e6 3. Nc3 Be7 4. Nf3 d6 5. e4 O-O 6. Bd3 a5 7. O-O Na6 8. a3
Bd7 9. e5 dxe5 10. dxe5 Ne8 11. Qc2 g6 12. Bh6 Ng7 13. Ne4 Nc5 14. Nxc5 Bxc5
15. Be4 Qc8 16. Qd2 Be7 17. Bxb7 Qxb7 18. Qxd7 Rfe8 19. Qd2 Red8 20. Qc3 Rd7
21. Bg5 Nf5 22. Bxe7 Nxe7 23. Rad1 Rad8 24. Rxd7 Rxd7 25. Qxa5 Rd3 26. Qb5 Qa8
27. Ne1 Rd4 28. f4 Nf5 29. Rf3 Rd1 30. Qb4 Qe4 31. Kf2 Nd4 32. Re3 Qxf4+ 33.
Nf3 Nc2 0-1

[Event "VM 2016 Schachforum Darmstadt"]
[Site "?"]
[Date "2016.03.24"]
[Round "2.5"]
[White "Friedel, Thomas"]
[Black "Remscheid, Torsten"]
[Result "0-1"]
[WhiteElo "1641"]
[BlackElo "1617"]
[PlyCount "92"]
[EventDate "2016.??.??"]

1. e4 c5 2. Nf3 a6 3. Nc3 Nc6 4. a4 g6 5. Bc4 Bg7 6. O-O e6 7. d3 Qc7 8. Be3
Nd4 9. Re1 Ne7 10. Bg5 d6 11. Nxd4 cxd4 12. Ne2 O-O 13. Qd2 e5 14. Rac1 Be6 15.
Bxe6 fxe6 16. c3 Qd7 17. b3 Nc6 18. c4 Bf6 19. Rf1 b6 20. Bh6 Bg7 21. Bg5 a5
22. f4 Nb4 23. Rf3 Rf7 24. Rcf1 Raf8 25. Nc1 Na6 26. Ne2 Nc5 27. Nc1 exf4 28.
Bxf4 d5 29. exd5 exd5 30. Qd1 Rf5 31. Bg3 Bh6 32. Rxf5 Rxf5 33. Ne2 Be3+ 34.
Bf2 Bxf2+ 35. Rxf2 Rxf2 36. Kxf2 Qf5+ 37. Kg1 Nxd3 38. Ng3 Qf2+ 39. Kh1 Ne1 40.
Qe2 Qxe2 41. Nxe2 d3 42. Nc3 d4 43. Nd1 Nc2 44. Kg1 Ne3 45. Nxe3 dxe3 46. Kf1
d2 0-1

[Event "VM 2016 Schachforum Darmstadt"]
[Site "Schachforum Darmstadt"]
[Date "2016.03.31"]
[Round "2.4"]
[White "Gersmann, Kai"]
[Black "Wiencken, Marcus"]
[Result "1-0"]
[WhiteElo "2094"]
[BlackElo "1391"]
[PlyCount "47"]
[EventDate "2016.??.??"]
[WhiteTeam "Schachforum Darmstadt"]
[BlackTeam "Schachforum Darmstadt"]

1. e4 e5 2. f4 d6 3. Nf3 Nf6 4. Nc3 Bg4 5. h3 Bxf3 6. Qxf3 Nc6 7. Bb5 Be7 8. d3
O-O 9. Bxc6 bxc6 10. fxe5 dxe5 11. O-O Rb8 12. Ne2 c5 13. b3 Rb6 14. Be3 Nd7
15. Ng3 Rf6 16. Qe2 Rg6 17. Nf5 Bd6 18. Rf3 Re6 19. Raf1 Be7 20. Qf2 f6 21. h4
h5 22. Qg3 g6 23. Qxg6+ Kh8 24. Qg7# 1-0

[Event "VM 2016 Schachforum Darmstadt"]
[Site "Schachforum Darmstadt"]
[Date "2016.03.31"]
[Round "2.3"]
[White "Bitzer, André"]
[Black "Seehaus, Bernhard"]
[Result "1/2-1/2"]
[WhiteElo "1806"]
[BlackElo "1993"]
[PlyCount "46"]
[EventDate "2016.??.??"]
[WhiteTeam "SV Griesheim"]
[BlackTeam "Schachforum Darmstadt"]

1. b3 e5 2. Bb2 d6 3. d4 Nd7 4. e4 g6 5. dxe5 dxe5 6. Nf3 Bg7 7. Bc4 Nh6 8. Ba3
Bf8 9. Bxf8 Kxf8 10. Nxe5 Qf6 11. Nxd7+ Bxd7 12. Nd2 Rd8 13. O-O Bg4 14. f3
Qd4+ 15. Rf2 Be6 16. Bxe6 fxe6 17. c4 Kg7 18. Rc1 Ng4 19. fxg4 Rhf8 20. Qe2
Rxf2 21. Qxf2 Qxf2+ 22. Kxf2 Rxd2+ 23. Kg3 Kf6 1/2-1/2

[Event "VM 2016 Schachforum Darmstadt"]
[Site "Schachforum Darmstadt"]
[Date "2016.03.31"]
[Round "2.2"]
[White "Nothnagel, Marian Can"]
[Black "Tibke, Jonas"]
[Result "1-0"]
[WhiteElo "1991"]
[BlackElo "1866"]
[PlyCount "83"]
[EventDate "2016.??.??"]
[WhiteTeam "Schachforum Darmstadt"]
[BlackTeam "Schachforum Darmstadt"]

1. e4 c6 2. d4 d5 3. Nd2 dxe4 4. Nxe4 Nd7 5. Ng5 Ngf6 6. Bd3 Nb6 7. N1f3 Bg4 8.
h3 Bh5 9. g4 h6 10. Ne4 Bg6 11. Nxf6+ gxf6 12. Bxg6 fxg6 13. Qd3 Rg8 14. a4 Qd5
15. a5 Nc4 16. b3 Nd6 17. c4 Qe4+ 18. Qxe4 Nxe4 19. O-O Rd8 20. Re1 f5 21. a6
b6 22. Ne5 Rd6 23. f3 Nf6 24. Ba3 Re6 25. Rad1 Nd7 26. f4 Bg7 27. Nxd7 Rxe1+
28. Rxe1 Bxd4+ 29. Kg2 Kxd7 30. Rxe7+ Kc8 31. Rxa7 Kb8 32. Rb7+ Ka8 33. Be7
fxg4 34. hxg4 h5 35. g5 Re8 36. Kf3 Bg1 37. Rd7 Kb8 38. Bd6+ Ka8 39. Be5 Re6
40. b4 b5 41. c5 h4 42. Rd6 1-0

[Event "VM 2016 Schachforum Darmstadt"]
[Site "Schachforum Darmstadt"]
[Date "2016.03.31"]
[Round "2.1"]
[White "Cors, Heinz-Friedrich"]
[Black "Gramlich, Sebastian"]
[Result "0-1"]
[WhiteElo "1926"]
[BlackElo "2247"]
[PlyCount "60"]
[EventDate "2016.??.??"]
[WhiteTeam "Schachforum Darmstadt"]
[BlackTeam "Schachforum Darmstadt"]

1. e4 g6 2. d4 Bg7 3. Nc3 c6 4. f4 d5 5. Nf3 dxe4 6. Nxe4 Bg4 7. c3 Nd7 8. Be2
$146 Ngf6 9. Nfg5 Bxe2 10. Qxe2 O-O 11. O-O Nxe4 12. Qxe4 Nf6 13. Qe2 e6 14. b3
$2 (14. Nf3) 14... Nd5 15. Bb2 $4 (15. Bd2) 15... Nxf4 16. Rxf4 Qxg5 17. Re4
Rad8 18. Ba3 Rfe8 19. Re1 Qa5 20. Bb4 Qb6 21. Bc5 Qc7 22. Ba3 Rd5 23. Bc1 c5
24. Bb2 cxd4 25. cxd4 Qb6 26. Qf2 Rf5 27. Qe2 Rd8 28. Rd1 Rfd5 29. Qf2 e5 30.
Rf1 f5 0-1

[Event "VM 2016"]
[Site "Schachforum Darmstadt"]
[Date "2016.03.17"]
[Round "1.9"]
[White "Remscheid, Torsten"]
[Black "Henkelmann, Frank"]
[Result "1-0"]
[WhiteElo "1617"]
[BlackElo "1198"]
[PlyCount "43"]
[EventDate "2016.??.??"]
[WhiteTeam "Schachforum Darmstadt"]
[BlackTeam "SC Münster"]

1. d4 g6 2. e4 Bg7 3. Be3 d6 4. Nc3 Nd7 5. Qd2 b6 6. f3 Bb7 7. h4 h5 8. Nh3 e5
9. Ng5 Nh6 10. O-O-O c6 11. Kb1 Qf6 12. dxe5 Nxe5 13. Qxd6 Rd8 14. Qxf6 Rxd1+
15. Nxd1 Bxf6 16. Nf2 Ng8 17. Nd3 Nc4 18. Bc1 Be7 19. b3 Na3+ 20. Kb2 Ba6 21.
Bd2 b5 22. Nb4 1-0

[Event "VM 2016"]
[Site "Schachforum Darmstadt"]
[Date "2016.03.17"]
[Round "1.8"]
[White "Tran, Hoai Nam"]
[Black "Bitzer, André"]
[Result "0-1"]
[WhiteElo "1250"]
[BlackElo "1806"]
[PlyCount "84"]
[EventDate "2016.??.??"]
[WhiteTeam "vereinslos"]
[BlackTeam "SV Griesheim"]

1. e4 d5 2. exd5 Qxd5 3. Nc3 Qd6 4. d4 Nf6 5. Be3 g6 6. Qd2 Bg7 7. Bh6 Bxh6 8.
Qxh6 Qxd4 9. Nf3 Qb6 10. O-O-O Be6 11. a3 Nbd7 12. Nd4 O-O-O 13. h3 Bd5 14. Qg5
h6 15. Nxd5 hxg5 16. Nxb6+ Nxb6 17. f3 e5 18. Nb5 a6 19. Rxd8+ Kxd8 20. Nc3 g4
21. Bd3 gxh3 22. gxh3 Nbd5 23. Nxd5 Nxd5 24. Be4 c6 25. Rd1 Ke7 26. Bxd5 cxd5
27. Rxd5 Ke6 28. c4 Rxh3 29. Rd3 e4 30. Re3 f5 31. Kd2 Rxf3 32. Re2 g5 33. a4
g4 34. b4 g3 35. b5 Rf2 36. Rxf2 gxf2 37. Ke2 e3 38. c5 axb5 39. axb5 Kd7 40.
Kf1 Ke6 41. c6 bxc6 42. bxc6 Kd6 0-1

[Event "VM 2016"]
[Site "Schachforum Darmstadt"]
[Date "2016.03.17"]
[Round "1.7"]
[White "Heun, Andreas"]
[Black "Friedel, Thomas"]
[Result "1/2-1/2"]
[WhiteElo "1727"]
[BlackElo "1641"]
[PlyCount "59"]
[EventDate "2016.??.??"]
[WhiteTeam "SC Ladja Roßdorf"]
[BlackTeam "SV Groß-Gerau"]

1. e4 e5 2. Nc3 Nf6 3. f4 d5 4. exd5 e4 5. Bb5+ c6 6. dxc6 Nxc6 7. Nge2 Bc5 8.
d4 exd3 9. Qxd3 Qb6 10. Bxc6+ Qxc6 11. Be3 O-O 12. Bxc5 Qxc5 13. O-O-O Bf5 14.
Qd4 Qc6 15. Qd6 Qxg2 16. Rhg1 Qc6 17. Qxc6 bxc6 18. Rd6 Ng4 19. Nd4 Ne3 20.
Nxf5 Nxf5 21. Rxc6 Nd4 22. Rd6 Nf3 23. Rh1 Rfd8 24. Rxd8+ Rxd8 25. h4 Rd4 26.
Rd1 Rxd1+ 27. Kxd1 Nxh4 28. b4 Nf5 29. Nb5 h5 30. Ke1 1/2-1/2

[Event "VM 2016"]
[Site "Schachforum Darmstadt"]
[Date "2016.03.17"]
[Round "1.6"]
[White "Brockmann, Marcus"]
[Black "Cors, Heinz-Friedrich"]
[Result "0-1"]
[WhiteElo "1408"]
[BlackElo "1926"]
[PlyCount "54"]
[EventDate "2016.??.??"]
[WhiteTeam "Schachforum Darmstadt"]
[BlackTeam "Schachforum Darmstadt"]

1. e4 e5 2. f4 exf4 3. Nf3 d6 4. Nc3 h6 5. d4 g5 6. g3 fxg3 7. hxg3 Bg7 8. Bc4
Nf6 9. e5 Ng4 10. e6 Bxe6 11. Bxe6 Qe7 12. Nb5 Qxe6+ 13. Ne5 Na6 14. O-O dxe5
15. d5 Qb6+ 16. Kg2 Ne3+ 17. Bxe3 Qxe3 18. Rf3 Qc5 19. Qd3 O-O 20. a4 Qe7 21.
Re1 Nb4 22. Qd2 Rad8 23. d6 Nc6 24. Kh1 cxd6 25. Qe3 a6 26. Nc3 d5 27. Ne2 Qd7
0-1

[Event "VM 2016"]
[Site "Schachforum Darmstadt"]
[Date "2016.03.17"]
[Round "1.5"]
[White "Tibke, Jonas"]
[Black "Welters, Burkhard"]
[Result "1-0"]
[WhiteElo "1866"]
[BlackElo "1440"]
[PlyCount "63"]
[EventDate "2016.??.??"]
[WhiteTeam "Schachforum Darmstadt"]
[BlackTeam "Schachforum Darmstadt"]

1. e4 Nf6 2. e5 Nd5 3. d4 d6 4. exd6 exd6 5. Bc4 Nb6 6. Bb3 d5 7. Bf4 Nc6 8.
Nc3 Bb4 9. Nge2 O-O 10. O-O Na5 11. Nb5 Nxb3 12. axb3 Bd6 13. Bxd6 cxd6 14.
Rxa7 Rxa7 15. Nxa7 Bd7 16. Qd3 Qc7 17. Qc3 Na8 18. Ra1 Qxc3 19. bxc3 Nb6 20.
Kf1 Ra8 21. Ra5 Nc8 22. Nc6 Rxa5 23. Nxa5 b6 24. Nb7 Bc6 25. Nd8 Ba8 26. c4
dxc4 27. bxc4 d5 28. cxd5 Bxd5 29. c4 Bxc4 30. Nc6 Nd6 31. Ke1 Bd5 $4 32. Ne7+
1-0

[Event "VM 2016"]
[Site "Schachforum Darmstadt"]
[Date "2016.03.17"]
[Round "1.4"]
[White "Tampe, Alexander"]
[Black "Gersmann, Kai"]
[Result "0-1"]
[WhiteElo "1681"]
[BlackElo "2094"]
[PlyCount "44"]
[EventDate "2016.??.??"]
[WhiteTeam "Schachforum Darmstadt"]
[BlackTeam "Schachforum Darmstadt"]

1. e4 g6 2. d4 Bg7 3. e5 c5 4. c3 cxd4 5. cxd4 d6 6. f4 dxe5 7. dxe5 Qxd1+ 8.
Kxd1 Nc6 9. Bd2 Nh6 10. Nf3 O-O 11. Ke2 Bg4 12. Bc3 Rfd8 13. Nbd2 b5 14. b3 b4
15. Bb2 Nd4+ 16. Kf2 Nxf3 17. Nxf3 Bxf3 18. Kxf3 Rd2 19. Rb1 Rad8 20. Be2 Nf5
21. Rhd1 Nh4+ 22. Kf2 Nxg2 0-1

[Event "VM 2016"]
[Site "Schachforum Darmstadt"]
[Date "2016.03.17"]
[Round "1.3"]
[White "Seehaus, Bernhard"]
[Black "Torrijos, Javier"]
[Result "1-0"]
[WhiteElo "1993"]
[BlackElo "1552"]
[PlyCount "52"]
[EventDate "2016.??.??"]
[WhiteTeam "Schachforum Darmstadt"]
[BlackTeam "Schachforum Darmstadt"]

1. c3 d5 2. d3 e5 3. Nf3 Nd7 4. a3 Ngf6 5. Bg5 Bd6 6. e3 h6 7. Bh4 c6 8. d4 e4
9. Nfd2 Qc7 10. Bg3 h5 11. c4 h4 12. Bxd6 Qxd6 13. cxd5 cxd5 14. Nc3 a6 15. Be2
Nb6 16. O-O Be6 17. f3 h3 18. g3 Nh5 19. Kh1 g5 20. fxe4 Nxg3+ 21. hxg3 Qxg3
22. Bf3 g4 23. Rg1 Qf2 24. Bxg4 O-O-O 25. exd5 Nxd5 26. Nxd5 Rxd5 1-0

[Event "VM 2016"]
[Site "Schachforum Darmstadt"]
[Date "2016.03.17"]
[Round "1.2"]
[White "Fuchs, Andreas"]
[Black "Nothnagel, Marian Can"]
[Result "0-1"]
[WhiteElo "1664"]
[BlackElo "1991"]
[PlyCount "86"]
[EventDate "2016.??.??"]
[WhiteTeam "SC Ober-Ramstadt"]
[BlackTeam "Schachforum Darmstadt"]

1. f4 e5 2. e4 d5 3. exd5 exf4 4. Nf3 Nf6 5. Nc3 Bd6 6. Bb5+ Bd7 7. Qe2+ Qe7 8.
Qxe7+ Kxe7 9. O-O h6 10. Re1+ Kd8 11. Bc4 Bg4 12. d4 Bxf3 13. gxf3 a6 14. Bd2
Nbd7 15. Ne4 Nxe4 16. fxe4 f6 17. Bf1 g5 18. c4 a5 19. Bh3 g4 20. Bf1 b6 21.
Bc3 Re8 22. h3 h5 23. Kf2 Kc8 24. a3 Kb7 25. b4 axb4 26. axb4 Rxa1 27. Rxa1
Rxe4 28. c5 bxc5 29. bxc5 Nxc5 30. dxc5 Bxc5+ 31. Kg2 f3+ 32. Kg3 Bd6+ 33. Kf2
Bc5+ 34. Kg3 h4+ 35. Kxh4 Bf2+ 36. Kh5 g3 37. Ba6+ Kb8 38. Bxf6 g2 39. Bd3 Re1
40. Rxe1 Bxe1 41. Bd4 f2 42. Bxf2 Bxf2 43. Kg4 g1=Q+ 0-1

[Event "VM 2016"]
[Site "Schachforum Darmstadt"]
[Date "2016.03.17"]
[Round "1.1"]
[White "Gramlich, Sebastian"]
[Black "Del Pino, Ricardo"]
[Result "1-0"]
[WhiteElo "2247"]
[BlackElo "1556"]
[PlyCount "49"]
[EventDate "2016.??.??"]
[WhiteTeam "Schachforum Darmstadt"]
[BlackTeam "Schachforum Darmstadt"]

1. e4 c5 2. Nf3 e6 3. d4 cxd4 4. Nxd4 a6 5. c4 Qc7 6. Be2 Nf6 7. Nc3 d6 8. O-O
Be7 9. Qd3 O-O 10. b3 Nbd7 11. Bb2 b6 12. Qg3 Bb7 13. Rac1 Rac8 (13... Bxe4 14.
Nxe4 Nxe4 15. Qxg7+ Kxg7 16. Nxe6+ Kg8 17. Nxc7) 14. Nd5 Bxd5 (14... exd5 15.
Nf5 g6 16. Nxe7+) 15. cxd5 Qb7 16. Nc6 Nc5 17. f3 e5 18. b4 Na4 19. Bxa6 Qxa6
20. Nxe7+ Kh8 21. Rxc8 Rxc8 22. Nxc8 Qxc8 23. Rc1 Qa6 24. Qf2 b5 25. Rc6 1-0